000
00191 a2200097 4500
001
2834
100
_a
Lomdor
245
_a
Poetry and prose
260
_a
_b
Clarendon
_c
090
_c
2129
_d
2129
942
_a
NUST-CAE
_c
M
_c
12547
999
_c
237907
_d
237907